Städte Baden-Württembergs - Sudden Death - Statistiken

Allgemein
  • Dieses Quiz wurde 1.897 mal gespielt
    139 seit der letzten Aktualisierung
  • Das Durchschnittsergebnis liegt bei 8 aus 16
Answers on the Grid
Answers color-coded by a green-red scale on the quiz's grid according to % correct below.
Heidelberg
Ahlen
Konstanz
Bruchsal
Stuttgart
Schwäbisch Gmain
Heilbronn
Reutlingen
Sinsheim
Dinkelsbühl
Friedrichsthal
Offenbach
Hechingen
Baden
Freiburg im Breisgau
Ludwigshafen am Rhein
Friedrichshafen
Göppingen
Lindau (Bodensee)
Neustadt im Schwarzwald
Calw
Wörth am Rhein
Bad Dürrenberg
Ulm
Rheinbach
Germersheim
Ludwigsburg
Weil der Stadt
Sigmaringen
Neu-Ulm
 
Antwortstatistiken
Antwort % Korrekt
Ulm
64%
Stuttgart
61%
Freiburg im Breisgau
58%
Heilbronn
58%
Konstanz
58%
Heidelberg
51%
Calw
46%
Reutlingen
46%
Sigmaringen
46%
Sinsheim
45%
Bruchsal
40%
Friedrichshafen
39%
Göppingen
39%
Ludwigsburg
37%
Weil der Stadt
31%
Hechingen
30%
Keine übereinstimmenden Quizze gefunden
Verteilung der Resultate
Anzahl Personen mit jedem Resultat
Perzentil nach korrekt beantworteten Fragen
Ihre Resultats-Entwicklung
Sie haben dieses Quiz seit der letzten Aktualisierung nicht gespielt